| 000 | 00467nam a2200193Ia 4500 | ||
|---|---|---|---|
| 003 | OSt | ||
| 005 | 20250903150352.0 | ||
| 008 | 250729s2004 xx 000 0 und d | ||
| 020 | _a 978-8176487870 | ||
| 040 | _cAL | ||
| 041 | _aeng | ||
| 082 | _a425 KLEE | ||
| 100 |
_aKleiser Grenville _9222429 |
||
| 245 | _aExploring english grammer | ||
| 260 |
_aNew Delhi _bA P H Publishing _c2004 |
||
| 300 | _a203p | ||
| 650 |
_aEnglish _9222430 |
||
| 942 |
_2ddc _cBED |
||
| 999 |
_c235458 _d235458 |
||